Official soccer ball of world cup 1970-2026 - Statistics

General Stats
  • This quiz has been taken 6 times
  • The average score is 4 of 20
Answer Stats
Year Contry Answer % Correct
2010 Group South Africa Jabulani
67%
1970 Mexico Telstar
67%
2014 Group Brazil Brazuca
50%
2014 Final Brazil Brazuca Final Rio
50%
2006 Group Germany Teamgeist
50%
2026 Group Canada Mexico USA Trionda
50%
1986 Mexico Azteca
17%
2002 Japan South Korea Fevernova
17%
1978 Argentina Tango
17%
2018 Group Russia Telstar 18
17%
1998 France Tricolore
17%
2022 Final Qatar Al Hilm
0%
2022 Group Qatar Al Rihla
0%
1990 Italy Etrusco Unico
0%
2010 Final South Africa Jo'bulani
0%
1994 USA Questra
0%
1982 Spain Tango España
0%
2006 Final Germany Teamgeist Berlin
0%
1974 West Germany Telstar Durlast
0%
2018 Final Russia Telstar Mechta
0%
No matching quizzes found
Score Distribution
Percent of People with Each Score
Percentile by Number Answered
Your Score History
You have not taken this quiz